[Event "BL 8687 HSK-Heidelberg"]
[Site "?"]
[Date "1986.??.??"]
[Round "?.6"]
[White "Wegner, H."]
[Black "Zuse, P."]
[Result "1-0"]
[WhiteElo "2300"]
[BlackElo "2335"]
[PlyCount "83"]
[EventDate "1986.??.??"]

1. d4 Nf6 2. c4 g6 3. Nc3 d5 4. Nf3 Bg7 5. Qb3 dxc4 6. Qxc4 O-O 7. e4 a6 8. Qb3
c5 9. dxc5 Nbd7 10. Qb4 Qc7 11. Na4 a5 12. Qc4 Ra6 13. h3 Nxe4 14. Qc2 Rf6 15.
Be3 Nexc5 16. Nc3 Re6 17. Bc4 Bxc3+ 18. Qxc3 Rc6 19. Bd5 Na4 20. Qa3 Rd6 21.
Rc1 Nac5 22. Bc4 b6 23. O-O Qd8 24. Bf4 Rf6 25. Bg5 Rf5 26. Qe3 Nf6 27. Nh4
Rxg5 28. Qxg5 Bb7 29. Rfd1 Qc7 30. Nf5 Nce4 31. Qh6 gxf5 32. Bxf7+ Kxf7 33.
Rxc7 Ba8 34. f3 Nc5 35. Re1 Re8 36. a3 Ne6 37. Ra7 Bd5 38. Qe3 Rg8 39. Kh2 Nh5
40. Rd7 f4 41. Qe5 Rg5 42. Rxd5 1-0

[Event "BL 8687 HSK-Heidelberg"]
[Site "?"]
[Date "1986.??.??"]
[Round "?.7"]
[White "Krieger, H."]
[Black "Reefschlaeger, H."]
[Result "1-0"]
[WhiteElo "2210"]
[BlackElo "2375"]
[PlyCount "57"]
[EventDate "1986.??.??"]

1. e4 e6 2. d4 d5 3. Nd2 Nf6 4. e5 Nfd7 5. f4 c5 6. c3 Nc6 7. Ndf3 Qb6 8. g3
cxd4 9. cxd4 Be7 10. Bh3 O-O 11. Ne2 f6 12. Bxe6+ Kh8 13. exf6 Nxf6 14. Bxc8
Raxc8 15. O-O Ne4 16. Kg2 Bf6 17. Rb1 Nb4 18. a3 Nc2 19. Qd3 a5 20. Rd1 Rfe8
21. h4 Qe6 22. Ne5 Bxe5 23. fxe5 Rf8 24. Bf4 Qg4 25. Rbc1 g5 26. hxg5 Rxf4 27.
Nxf4 Nxg5 28. Rxc2 Qf3+ 29. Kh2 1-0

[Event "BL 8687 HSG-Koblenz"]
[Site "?"]
[Date "1986.??.??"]
[Round "?.1"]
[White "Gutman, L."]
[Black "Heyken, E."]
[Result "0-1"]
[WhiteElo "2460"]
[BlackElo "2355"]
[PlyCount "84"]
[EventDate "1986.??.??"]

1. Nf3 c5 2. g3 Nc6 3. d4 cxd4 4. Nxd4 g6 5. Nxc6 dxc6 6. Qxd8+ Kxd8 7. e4 e5
8. Bc4 Bh6 9. Nd2 f6 10. a4 Ke7 11. Ke2 Be6 12. Bxe6 Kxe6 13. Nb3 Bxc1 14.
Rhxc1 b6 15. a5 Nh6 16. Ra3 Nf7 17. axb6 axb6 18. Rca1 Rxa3 19. Rxa3 Nd6 20.
Ra6 Rb8 21. Nd2 Kd7 22. Ra7+ Rb7 23. Ra8 Nc8 24. Ra3 Ra7 25. Rd3+ Ke7 26. Rc3
Kd7 27. f4 Nd6 28. fxe5 fxe5 29. Rb3 b5 30. Rc3 Ra2 31. b3 b4 32. Rc5 Nb7 33.
Rxe5 Rxc2 34. Kd1 Rc3 35. Rg5 Nc5 36. e5 Rd3 37. e6+ Nxe6 38. Ra5 Nd4 39. Ra7+
Ke6 40. Rxh7 Nxb3 41. Kc2 Rc3+ 42. Kd1 Rc1+ 0-1

[Event "BL 8687 HSG-Koblenz"]
[Site "?"]
[Date "1986.??.??"]
[Round "?.3"]
[White "Andruet, G."]
[Black "Breyther, R."]
[Result "0-1"]
[WhiteElo "2365"]
[BlackElo "2335"]
[PlyCount "58"]
[EventDate "1986.??.??"]

1. d4 Nf6 2. c4 e6 3. Nf3 b6 4. g3 Ba6 5. b3 Bb4+ 6. Bd2 Be7 7. Nc3 d5 8. cxd5
exd5 9. Bg2 O-O 10. O-O Bb7 11. Qc2 Na6 12. Rad1 Re8 13. Ng5 h6 14. Nh3 c6 15.
Nf4 Bd6 16. Bc1 Qe7 17. Rfe1 Ne4 18. Bb2 Nb4 19. Qb1 Bxf4 20. gxf4 Qh4 21. Nxe4
dxe4 22. Bxe4 Nd5 23. Bxd5 cxd5 24. Rd3 Ba6 25. Re3 Rxe3 26. fxe3 Re8 27. Qc1
Re6 28. Bc3 Rg6+ 29. Kh1 Qf2 0-1

[Event "BL 8687 HSG-Koblenz"]
[Site "?"]
[Date "1986.??.??"]
[Round "?.4"]
[White "Dankert, P."]
[Black "Brueckner, T."]
[Result "1/2-1/2"]
[WhiteElo "2285"]
[BlackElo "2345"]
[PlyCount "61"]
[EventDate "1986.??.??"]

1. d4 d5 2. Nf3 Nf6 3. c4 e6 4. cxd5 exd5 5. Bg5 Be7 6. Nc3 c6 7. Qc2 g6 8. e3
Bf5 9. Bd3 Bxd3 10. Qxd3 Nbd7 11. O-O O-O 12. Rab1 a5 13. h3 Re8 14. Bf4 Bf8
15. Bh2 Ne4 16. Qc2 Bd6 17. Nxe4 Bxh2+ 18. Kxh2 Rxe4 19. Kg1 f5 20. b4 axb4 21.
Rxb4 Rb8 22. Rfb1 Qc7 23. Qb3 b6 24. Rc1 Qd6 25. a3 Rbe8 26. Rxb6 Nxb6 27. Qxb6
R4e6 28. Ne5 Qxa3 29. Rxc6 Rxc6 30. Qxc6 Rxe5 31. dxe5 1/2-1/2

[Event "BL 8687 HSG-Koblenz"]
[Site "?"]
[Date "1986.??.??"]
[Round "?.7"]
[White "Bayer, E."]
[Black "Muender, M."]
[Result "1/2-1/2"]
[WhiteElo "2310"]
[BlackElo "2280"]
[PlyCount "151"]
[EventDate "1986.??.??"]

1. d4 Nf6 2. c4 g6 3. g3 Bg7 4. Bg2 d6 5. Nf3 O-O 6. O-O Nc6 7. Nc3 Rb8 8. h3
a6 9. e4 b5 10. e5 Ne8 11. cxb5 axb5 12. Ng5 Na5 13. f4 e6 14. Nge4 b4 15. Ne2
f5 16. exf6 Nxf6 17. Ng5 Nd5 18. Kh2 Bd7 19. Re1 h6 20. Nf3 Qf6 21. Neg1 Nc6
22. Ne2 Ra8 23. Bd2 Ra7 24. Qc2 Rfa8 25. b3 Qf5 26. Qb2 Qf7 27. Qc2 Nce7 28. g4
Bb5 29. Nfg1 c5 30. Nf3 Bxe2 31. Rxe2 Nxf4 32. Bxf4 Qxf4+ 33. Kh1 cxd4 34. Qd3
Qf6 35. Rf1 Nd5 36. Ne1 Nf4 37. Bxa8 Nxd3 38. Rxf6 Bxf6 39. Bd5 Ne5 40. Bxe6+
Kg7 41. Rd2 Re7 42. Bd5 Nxg4 43. Nf3 Ne3 44. Ba8 Nf5 45. Kg2 Ra7 46. Bc6 Re7
47. Kf2 h5 48. Kg2 g5 49. Bb5 g4 50. hxg4 hxg4 51. Nh2 Ne3+ 52. Kg3 Be5+ 53.
Kh4 Kg6 54. Bd3+ Kf6 55. Nxg4+ Nxg4 56. Kxg4 Rg7+ 57. Kf3 Rg3+ 58. Ke4 Ke6 59.
Bc4+ Kd7 60. Kd5 Kc7 61. Rc2 Kb6 62. Rf2 Rg4 63. Rd2 Rg5 64. Rc2 Rg1 65. Bd3
Rg3 66. Bc4 Re3 67. Rd2 Rc3 68. Rf2 Rc1 69. Rd2 Kc7 70. Rf2 Rd1 71. Rc2 d3 72.
Bxd3+ Bc3 73. Ke4 d5+ 74. Ke3 d4+ 75. Ke4 Kd6 76. Rg2 1/2-1/2

[Event "BL 8687 Bayern-Kreuzberg"]
[Site "?"]
[Date "1986.??.??"]
[Round "?.2"]
[White "Kindermann, S."]
[Black "Lehmann, K."]
[Result "1/2-1/2"]
[WhiteElo "2485"]
[BlackElo "2270"]
[PlyCount "62"]
[EventDate "1986.??.??"]

1. e4 c6 2. d4 d5 3. Nc3 dxe4 4. Nxe4 Nd7 5. Bc4 Ngf6 6. Ng5 e6 7. Qe2 Nb6 8.
Bd3 h6 9. N5f3 c5 10. dxc5 Bxc5 11. Ne5 Nbd7 12. Ngf3 Qc7 13. O-O O-O 14. Bd2
Bd6 15. Nxd7 Bxd7 16. Rfe1 Bc6 17. h3 Rfd8 18. Rad1 Rac8 19. Ne5 Bxe5 20. Qxe5
Qxe5 21. Rxe5 Rd7 22. Rde1 a6 23. Bc1 Bd5 24. b3 b5 25. f4 Rdc7 26. Bb2 Nd7 27.
R5e3 Nc5 28. Bf1 Nd7 29. Bd3 Nc5 30. Bf1 Nd7 31. Bd3 Nc5 1/2-1/2

[Event "BL 8687 Bayern-Kreuzberg"]
[Site "?"]
[Date "1986.??.??"]
[Round "?.3"]
[White "Grzesik, F."]
[Black "Bischoff, K."]
[Result "1/2-1/2"]
[WhiteElo "2250"]
[BlackElo "2495"]
[PlyCount "57"]
[EventDate "1986.??.??"]

1. e4 c5 2. c3 d5 3. exd5 Qxd5 4. d4 Nf6 5. Nf3 e6 6. Bd3 Be7 7. dxc5 Qxc5 8.
O-O O-O 9. Qe2 Nbd7 10. Nbd2 Rd8 11. Rd1 Qc7 12. Nb3 Nf8 13. Ne5 Ng6 14. Nxg6
hxg6 15. Bg5 Bd7 16. Nd4 Rac8 17. h3 a6 18. Bh4 Be8 19. Bc2 Bc5 20. Nf3 Bb5 21.
Qe1 Qf4 22. Bg5 Qc7 23. Bb3 Bc6 24. Qe2 Re8 25. Nd4 Bd5 26. Bxf6 Bxb3 27. Nxb3
gxf6 28. Nxc5 Qxc5 29. Rd7 1/2-1/2

[Event "BL 8687 Bayern-Kreuzberg"]
[Site "?"]
[Date "1986.??.??"]
[Round "?.4"]
[White "Hecht, H."]
[Black "Grzesik, T."]
[Result "1/2-1/2"]
[WhiteElo "2455"]
[BlackElo "2335"]
[PlyCount "101"]
[EventDate "1986.??.??"]

1. Nf3 d5 2. e3 Nf6 3. d4 e6 4. c4 c6 5. Bd3 Bd6 6. O-O O-O 7. b3 Nbd7 8. Bb2
Re8 9. Ne5 c5 10. Nxd7 Bxd7 11. dxc5 Bxc5 12. cxd5 exd5 13. Nc3 Bg4 14. Be2 Be6
15. Rc1 Qe7 16. Nb5 Rac8 17. Qd3 Ne4 18. Nd4 Bd7 19. Rc2 Bd6 20. Rxc8 Rxc8 21.
Nf3 Be6 22. Rc1 Rxc1+ 23. Bxc1 Qc7 24. Bb2 Qa5 25. a4 a6 26. Qd4 f6 27. g3 Be5
28. Qa7 Bxb2 29. Qb8+ Kf7 30. Qxb7+ Kf8 31. Bxa6 Qd8 32. Qc6 Qd6 33. Qa8+ Kf7
34. Bb5 Qf8 35. Qc6 Qc8 36. a5 Qxc6 37. Bxc6 Nd6 38. a6 Nc8 39. Ne1 Ke7 40. Nd3
Ba3 41. Bb7 Kd6 42. Nf4 Na7 43. Nh5 d4 44. exd4 Bxb3 45. Nxg7 Bb2 46. Nf5+ Ke6
47. Be4 Bc4 48. Ne3 Bxa6 49. d5+ Kd6 50. Bxh7 Bc1 51. h4 1/2-1/2

[Event "BL 8687 Bayern-Kreuzberg"]
[Site "?"]
[Date "1986.??.??"]
[Round "?.5"]
[White "Konieczka, F."]
[Black "Hertneck, G."]
[Result "0-1"]
[WhiteElo "2240"]
[BlackElo "2440"]
[PlyCount "56"]
[EventDate "1986.??.??"]

1. e4 e6 2. d4 d5 3. Nd2 Nf6 4. e5 Nfd7 5. f4 c5 6. c3 cxd4 7. cxd4 Nc6 8. Ndf3
Be7 9. Nh3 Qb6 10. Be2 f6 11. g3 O-O 12. Kf1 fxe5 13. dxe5 Nc5 14. Kg2 Bd7 15.
Rf1 Rad8 16. Nf2 d4 17. Ne1 d3 18. Nexd3 Nd4 19. Be3 Bb5 20. Bxd4 Rxd4 21. Qc2
Rfd8 22. Rfd1 Nxd3 23. Bxd3 Bxd3 24. Rxd3 Rxd3 25. Nxd3 Rxd3 26. Qxd3 Qxb2+ 27.
Kh3 Qxa1 28. Qc4 Kf7 0-1

[Event "BL 8687 München 36-Lasker"]
[Site "?"]
[Date "1986.??.??"]
[Round "?.1"]
[White "Schussler, H."]
[Black "Unzicker, W."]
[Result "1/2-1/2"]
[WhiteElo "2495"]
[BlackElo "2470"]
[PlyCount "74"]
[EventDate "1986.??.??"]

1. d4 Nf6 2. c4 e6 3. Nf3 b6 4. Nc3 Bb7 5. a3 d5 6. cxd5 Nxd5 7. Qc2 Be7 8. e4
Nxc3 9. bxc3 c5 10. Bb5+ Bc6 11. Bd3 Nd7 12. O-O O-O 13. d5 exd5 14. exd5 Bxd5
15. Bxh7+ Kh8 16. Be4 Bxe4 17. Qxe4 Bf6 18. Rd1 Re8 19. Qf5 Re7 20. Ng5 Bxg5
21. Bxg5 f6 22. Be3 Qe8 23. Rd5 Ne5 24. Rad1 Qc8 25. Qh5+ Kg8 26. Bf4 Qe8 27.
Qf5 Nf7 28. Kf1 Qa4 29. Bc1 Rae8 30. g3 Qc4+ 31. Qd3 Qg4 32. Qf5 Qxf5 33. Rxf5
Ne5 34. Rf4 Rd7 35. Rxd7 Nxd7 36. a4 Ne5 37. Re4 Rd8 1/2-1/2

[Event "BL 8687 München 36-Lasker"]
[Site "?"]
[Date "1986.??.??"]
[Round "?.2"]
[White "Smejkal, J."]
[Black "Wockenfuss, K."]
[Result "0-1"]
[WhiteElo "2540"]
[BlackElo "2350"]
[PlyCount "109"]
[EventDate "1986.??.??"]

1. Nf3 g6 2. c4 Bg7 3. d4 d6 4. g3 Nd7 5. Bg2 e5 6. Nc3 Ne7 7. h3 O-O 8. e4
exd4 9. Nxd4 Nc6 10. Be3 Nde5 11. b3 Nxd4 12. Bxd4 f5 13. exf5 Bxf5 14. O-O
Bxh3 15. f4 Bxg2 16. Kxg2 Ng4 17. Nd5 Bxd4 18. Qxd4 c6 19. Nc3 Qb6 20. Qxb6
axb6 21. Rfe1 Rfe8 22. Kf3 h5 23. Rad1 b5 24. cxb5 Rxe1 25. Rxe1 cxb5 26. Re2
b4 27. Nd5 Ra5 28. Nxb4 Kf7 29. Ke4 Rc5 30. Rc2 Ke6 31. Kd4 Rxc2 32. Nxc2 Nh6
33. Ne3 Nf5+ 34. Nxf5 Kxf5 35. Ke3 Kg4 36. Kf2 h4 37. gxh4 Kxf4 38. Ke2 Ke4 39.
Kd2 Kd4 40. a3 d5 41. Kc2 Ke3 42. a4 d4 43. Kd1 Kd3 44. b4 Kc4 45. a5 Kxb4 46.
Kd2 Kxa5 47. Kd3 b5 48. Kxd4 b4 49. Kd3 Kb5 50. Kc2 Kc4 51. Kb2 Kd4 52. Kb3 Ke4
53. Kxb4 Kf3 54. Kc3 Kg4 55. h5 0-1

[Event "BL 8687 München 36-Lasker"]
[Site "?"]
[Date "1986.??.??"]
[Round "?.3"]
[White "Berg, K."]
[Black "Nikolac, J."]
[Result "0-1"]
[WhiteElo "2355"]
[BlackElo "2435"]
[PlyCount "100"]
[EventDate "1986.??.??"]

1. e4 e6 2. d3 d5 3. Nd2 c5 4. Ngf3 Nc6 5. g3 Nf6 6. Bg2 Be7 7. O-O b6 8. Re1
Bb7 9. c3 Qc7 10. a3 Rd8 11. e5 Nd7 12. Qe2 b5 13. b3 Nb6 14. h4 h6 15. Rb1 Ba6
16. d4 Nb8 17. b4 Na4 18. Bb2 c4 19. Nf1 Nc6 20. Qe3 Bc8 21. Bc1 Bd7 22. Bd2 a5
23. N3h2 axb4 24. axb4 Ra8 25. h5 Nb6 26. Qf3 Ra2 27. Qg4 Bf8 28. Nf3 Qa7 29.
Re2 Ne7 30. Nh4 Nf5 31. Nxf5 exf5 32. Qf3 Be6 33. Ne3 Qd7 34. Bh3 g6 35. hxg6
fxg6 36. g4 Rg8 37. gxf5 gxf5+ 38. Kh2 f4 39. Bxe6 Qxe6 40. Ng2 Rxg2+ 41. Qxg2
Qf5 42. Qg8 Qh5+ 43. Kg2 Qxe2 44. Qe6+ Be7 45. Qxb6 Qg4+ 46. Kf1 Rxd2 47. Qxb5+
Kf8 48. Qxd5 Qe2+ 49. Kg1 Qxf2+ 50. Kh1 Qh2# 0-1

[Event "BL 8687 München 36-Lasker"]
[Site "?"]
[Date "1986.??.??"]
[Round "?.4"]
[White "Bastian, H."]
[Black "Muse, M."]
[Result "1/2-1/2"]
[WhiteElo "2375"]
[BlackElo "2425"]
[PlyCount "100"]
[EventDate "1986.??.??"]

1. e4 c6 2. d4 d5 3. exd5 cxd5 4. Bd3 Nc6 5. c3 Nf6 6. Bf4 Bg4 7. Qb3 Qc8 8.
Nd2 e6 9. Ngf3 Be7 10. Ne5 Bh5 11. O-O Bd6 12. Qa4 Nd7 13. Rfe1 Qc7 14. Nf1
Bxe5 15. Bxe5 Ndxe5 16. Rxe5 Bg6 17. Re3 a6 18. Rae1 Ke7 19. Qd1 Kf8 20. Rh3
Ne7 21. Nd2 Bxd3 22. Rxd3 Ng8 23. Nf3 Nf6 24. Ne5 h5 25. Rf3 Kg8 26. Ree3 Rh6
27. h3 Rf8 28. Re1 b5 29. Rfe3 Ne4 30. f3 Ng3 31. Qd2 Nf5 32. R3e2 Qd8 33. Qf4
h4 34. a3 Ng3 35. Rf2 Rh5 36. Nc6 Qd7 37. Ne5 Qa7 38. Nd3 Re8 39. Qd6 Nf5 40.
Qc6 Qa8 41. Qc7 Qb8 42. Qc6 Qa8 43. Qxa8 Rxa8 44. a4 Rb8 45. Ra1 a5 46. axb5
Rxb5 47. Ra4 Nd6 48. Re2 g6 49. Ne5 Kg7 50. Kf2 Rh8 1/2-1/2

[Event "BL 8687 München 36-Lasker"]
[Site "?"]
[Date "1986.??.??"]
[Round "?.5"]
[White "Cladouras, P."]
[Black "Zysk, R."]
[Result "1-0"]
[WhiteElo "2325"]
[BlackElo "2405"]
[PlyCount "63"]
[EventDate "1986.??.??"]

1. e4 e5 2. Nf3 Nc6 3. Bb5 a6 4. Ba4 Nf6 5. O-O Nxe4 6. d4 b5 7. Bb3 d5 8. dxe5
Be6 9. Be3 Bc5 10. Qe2 Ne7 11. c3 O-O 12. Nbd2 Bxe3 13. Qxe3 Nf5 14. Qe2 Nxd2
15. Qxd2 c5 16. Rad1 Qe7 17. Qf4 Rad8 18. Bc2 Qd7 19. Ng5 h6 20. Ne4 Rc8 21.
Rd3 Qc7 22. Rxd5 Bxd5 23. Nf6+ gxf6 24. Qxf5 Rfd8 25. Qh7+ Kf8 26. exf6 Ke8 27.
Bf5 Qd6 28. Qh8+ Qf8 29. Re1+ Be6 30. Rxe6+ Kd7 31. Qxf8 Rxf8 32. Rxa6+ 1-0

[Event "BL 8687 München 36-Lasker"]
[Site "?"]
[Date "1986.??.??"]
[Round "?.6"]
[White "Kaiser, W."]
[Black "Paulsen, D."]
[Result "1-0"]
[WhiteElo "2335"]
[BlackElo "2345"]
[PlyCount "59"]
[EventDate "1986.??.??"]

1. d4 Nf6 2. c4 e6 3. Nc3 d5 4. Bg5 Be7 5. e3 O-O 6. Nf3 a6 7. Rc1 dxc4 8. Bxc4
b5 9. Bxf6 Bxf6 10. Bd3 Bb7 11. Qc2 g6 12. Ne4 Bxe4 13. Bxe4 c6 14. O-O Ra7 15.
Rfd1 Qd6 16. Qc5 Qxc5 17. Rxc5 Rc7 18. Rdc1 Rfc8 19. Kf1 Be7 20. R5c2 Bd6 21.
Ne1 f5 22. Bf3 Kf7 23. Nd3 Ke7 24. h4 a5 25. g4 fxg4 26. Bxg4 Nd7 27. e4 h5 28.
Bh3 Kf7 29. e5 Be7 30. d5 1-0

[Event "BL 8687 München 36-Lasker"]
[Site "?"]
[Date "1986.??.??"]
[Round "?.7"]
[White "Schacht, H."]
[Black "Pichler, J."]
[Result "1-0"]
[WhiteElo "2280"]
[BlackElo "2325"]
[PlyCount "51"]
[EventDate "1986.??.??"]

1. d4 Nf6 2. c4 g6 3. Nc3 Bg7 4. e4 d6 5. Nf3 O-O 6. Be2 e5 7. O-O Nbd7 8. Qc2
Re8 9. Rd1 Qe7 10. d5 Nh5 11. g3 Nf8 12. Ne1 f5 13. exf5 Bxf5 14. Qb3 e4 15. g4
Qh4 16. Ng2 Qh3 17. gxh5 e3 18. Bxe3 Be5 19. f4 Bf6 20. Bd4 Nd7 21. Bf1 Bxd4+
22. Rxd4 Re3 23. Qd1 Nf6 24. Qd2 Rf3 25. Ne3 Qh4 26. Bg2 1-0

[Event "BL 8687 Kreuzberg-München 36"]
[Site "?"]
[Date "1986.??.??"]
[Round "?.1"]
[White "Unzicker, W."]
[Black "Conquest, S."]
[Result "1-0"]
[WhiteElo "2470"]
[BlackElo "2430"]
[PlyCount "45"]
[EventDate "1986.??.??"]

1. e4 c5 2. Nf3 d6 3. d4 cxd4 4. Nxd4 Nf6 5. Nc3 g6 6. Be2 Bg7 7. O-O O-O 8.
Be3 Nc6 9. Qd2 Ng4 10. Bxg4 Bxg4 11. f4 Nxd4 12. Bxd4 e5 13. Be3 exf4 14. Rxf4
Be6 15. Rf2 Rc8 16. Bd4 Be5 17. Qe3 a6 18. Rd1 Qh4 19. h3 Rc6 20. Nd5 Rfc8 21.
Bxe5 dxe5 22. g3 Qxh3 23. Rh2 1-0

[Event "BL 8687 Kreuzberg-München 36"]
[Site "?"]
[Date "1986.??.??"]
[Round "?.2"]
[White "Lehmann, K."]
[Black "Smejkal, J."]
[Result "1/2-1/2"]
[WhiteElo "2270"]
[BlackElo "2540"]
[PlyCount "23"]
[EventDate "1986.??.??"]

1. e4 e5 2. Nf3 Nc6 3. Bb5 Nf6 4. O-O Be7 5. Re1 d6 6. d4 exd4 7. Nxd4 Bd7 8.
Nxc6 bxc6 9. Bf1 O-O 10. Nc3 Re8 11. Bf4 Bf8 12. h3 1/2-1/2

[Event "BL 8687 Kreuzberg-München 36"]
[Site "?"]
[Date "1986.??.??"]
[Round "?.3"]
[White "Nikolac, J."]
[Black "Grzesik, F."]
[Result "1-0"]
[WhiteElo "2435"]
[BlackElo "2250"]
[PlyCount "89"]
[EventDate "1986.??.??"]

1. e4 Nf6 2. e5 Nd5 3. Nc3 Nxc3 4. bxc3 d6 5. f4 g6 6. Nf3 Bg7 7. d4 O-O 8. Bc4
c5 9. O-O cxd4 10. cxd4 Bg4 11. Be3 dxe5 12. fxe5 Nc6 13. Bb3 Rc8 14. Rf2 Na5
15. h3 Bxf3 16. Qxf3 Nxb3 17. axb3 Rc3 18. Qe4 Qb6 19. Bd2 Rcc8 20. d5 Qc7 21.
Bf4 a6 22. c4 Qb6 23. Rb1 f6 24. Be3 Qc7 25. e6 f5 26. Qh4 Bf6 27. Bg5 Bxg5 28.
Qxg5 b5 29. Rc1 bxc4 30. bxc4 Qc5 31. Rcc2 Rb8 32. Kh2 Rb1 33. Qf4 Re1 34. Rce2
Rxe2 35. Rxe2 Rc8 36. Rc2 a5 37. h4 Kg7 38. Qe5+ Kg8 39. h5 Qc7 40. Qxc7 Rxc7
41. c5 Kf8 42. Kg3 Kg7 43. d6 exd6 44. cxd6 Rxc2 45. d7 1-0

[Event "BL 8687 Kreuzberg-München 36"]
[Site "?"]
[Date "1986.??.??"]
[Round "?.4"]
[White "Grzesik, T."]
[Black "Bastian, H."]
[Result "1-0"]
[WhiteElo "2335"]
[BlackElo "2375"]
[PlyCount "119"]
[EventDate "1986.??.??"]

1. e4 e5 2. Nf3 Nc6 3. Bb5 Nf6 4. O-O Nxe4 5. d4 Be7 6. Qe2 Nd6 7. Bxc6 bxc6 8.
dxe5 Nb7 9. Nc3 O-O 10. Re1 Nc5 11. Bf4 Ne6 12. Bg3 Rb8 13. b3 f5 14. exf6 Bxf6
15. Ne5 Bxe5 16. Qxe5 d6 17. Qe4 Bd7 18. Rad1 Qf6 19. Qe3 Nc5 20. Ne4 Nxe4 21.
Qxe4 Rbe8 22. Qc4+ Qf7 23. Qa6 c5 24. Qxa7 Bf5 25. Rxe8 Rxe8 26. c4 Bc2 27. Rc1
Be4 28. Qa5 Ra8 29. Qd2 Qf6 30. Re1 Bc6 31. h4 Rf8 32. a4 h6 33. a5 Rb8 34. Re3
Qa1+ 35. Kh2 Kf8 36. Qd3 Kg8 37. Qg6 Qf6 38. Qxf6 gxf6 39. Re7 Rxb3 40. Rxc7
Be4 41. Bxd6 Ra3 42. Rxc5 Ra4 43. Bf4 Bd3 44. Bxh6 Bxc4 45. Bf4 Kf7 46. Kg3 Ba6
47. h5 Ra3+ 48. f3 Ra2 49. Rc7+ Kg8 50. Ra7 Bf1 51. Ra8+ Kf7 52. h6 Rxg2+ 53.
Kh4 Rg8 54. Rxg8 Kxg8 55. Bd6 Kf7 56. Kg4 Ba6 57. Kf4 Bb7 58. Ke3 Kg6 59. Bf8
Kf7 60. h7 1-0

[Event "BL 8687 Kreuzberg-München 36"]
[Site "?"]
[Date "1986.??.??"]
[Round "?.5"]
[White "Zysk, R."]
[Black "Konieczka, F."]
[Result "0-1"]
[WhiteElo "2405"]
[BlackElo "2240"]
[PlyCount "90"]
[EventDate "1986.??.??"]

1. Nf3 d5 2. c4 e6 3. b3 Nf6 4. g3 Be7 5. Bb2 O-O 6. Bg2 b6 7. O-O Bb7 8. d4
Nbd7 9. Nbd2 c5 10. Re1 Rc8 11. cxd5 Bxd5 12. e4 Bb7 13. e5 Nd5 14. Nc4 b5 15.
Ne3 c4 16. Nxd5 Bxd5 17. bxc4 bxc4 18. Bc3 Nb6 19. Qc2 Qd7 20. Red1 Qa4 21. Qd2
h6 22. Ne1 Rb8 23. Rab1 Rfc8 24. h4 Bxg2 25. Nxg2 Nd5 26. Ne3 Rxb1 27. Rxb1
Nxc3 28. Qxc3 Qxa2 29. Rb7 Bf8 30. Ng4 Qe2 31. Ne3 Qd3 32. Qxd3 cxd3 33. Kg2 a5
34. Kf3 Rc1 35. Rb3 d2 36. Ke2 Bb4 37. Nd1 Kf8 38. g4 Ke7 39. f4 g6 40. h5 gxh5
41. gxh5 Kd7 42. d5 exd5 43. f5 Rc4 44. Nf2 Rf4 45. f6 Rxf2+ 0-1

[Event "BL 8687 Kreuzberg-München 36"]
[Site "?"]
[Date "1986.??.??"]
[Round "?.6"]
[White "Glienke, M."]
[Black "Kaiser, W."]
[Result "1/2-1/2"]
[WhiteElo "2300"]
[BlackElo "2335"]
[PlyCount "145"]
[EventDate "1986.??.??"]

1. d4 Nf6 2. Nf3 g6 3. Bf4 Bg7 4. e3 O-O 5. Be2 d6 6. h3 b6 7. O-O Bb7 8. c4 c5
9. d5 b5 10. Nc3 b4 11. Na4 Nbd7 12. Qc2 Nb6 13. a3 Nxa4 14. Qxa4 Nh5 15. axb4
Nxf4 16. exf4 cxb4 17. Qxb4 Rb8 18. Qd2 Qb6 19. Rab1 a5 20. b3 Bc8 21. Bd3 Re8
22. Rfe1 Bd7 23. Qc2 Qb4 24. f5 Qc3 25. fxg6 hxg6 26. Re2 Qxc2 27. Bxc2 a4 28.
bxa4 Rxb1+ 29. Bxb1 Bxa4 30. Bc2 Bd7 31. Bd3 Bf6 32. Ra2 Rb8 33. g4 g5 34. Ra7
Be8 35. Kg2 Kg7 36. h4 gxh4 37. g5 Bc3 38. Nxh4 Kf8 39. Nf5 Bd2 40. g6 fxg6 41.
Nxe7 g5 42. Nc6 Rb3 43. Be4 Bf7 44. Nd8 Be8 45. Ne6+ Kg8 46. Re7 Rb8 47. Bh7+
Kh8 48. Bf5 Ba4 49. c5 dxc5 50. Nxc5 Bb5 51. Ne4 Rf8 52. Be6 Bf4 53. Ng3 Bd3
54. f3 Rb8 55. Bf5 Bxg3 56. Bxd3 Bf4 57. Kh3 Rd8 58. Be4 Rd6 59. Kg4 Kg8 60.
Rb7 Kf8 61. Ra7 Ke8 62. Rh7 Kd8 63. Kh5 Bd2 64. Kg4 Bf4 65. Kh3 Rd7 66. Rh8+
Kc7 67. Kg4 Rd8 68. Rh1 Rd6 69. Ra1 Kd8 70. Ra5 Ke7 71. Bf5 Kf6 72. Be6 Rd8 73.
Ra4 1/2-1/2

[Event "BL 8687 Lasker-Bayern"]
[Site "?"]
[Date "1986.??.??"]
[Round "?.1"]
[White "Ribli, Z."]
[Black "Schussler, H."]
[Result "1/2-1/2"]
[WhiteElo "2585"]
[BlackElo "2495"]
[PlyCount "65"]
[EventDate "1986.??.??"]

1. d4 d5 2. Nf3 Nf6 3. c4 e6 4. Nc3 Be7 5. Bg5 h6 6. Bxf6 Bxf6 7. e3 O-O 8. Rc1
c6 9. Bd3 Nd7 10. O-O dxc4 11. Bxc4 e5 12. h3 exd4 13. exd4 Nb6 14. Bb3 Bf5 15.
Re1 Qd6 16. Ne5 Bg5 17. Qf3 Bxc1 18. Qxf5 Qf6 19. Qh5 Bxb2 20. Ne4 Qe7 21. Ng6
Qd8 22. Rd1 Nd5 23. Nxf8 Qxf8 24. Bxd5 cxd5 25. Qxd5 Qe7 26. Nd6 Rd8 27. Nf5
Qf6 28. Qe4 h5 29. Rb1 Bxd4 30. Rxb7 Bc5 31. Qf3 h4 32. Rb1 g6 33. Nh6+ 1/2-1/2

[Event "BL 8687 Lasker-Bayern"]
[Site "?"]
[Date "1986.??.??"]
[Round "?.2"]
[White "Wockenfuss, K."]
[Black "Kindermann, S."]
[Result "1-0"]
[WhiteElo "2350"]
[BlackElo "2485"]
[PlyCount "129"]
[EventDate "1986.??.??"]

1. d4 Nf6 2. Nc3 d5 3. Bg5 Bf5 4. e3 e6 5. Bd3 Bxd3 6. Qxd3 Nbd7 7. e4 dxe4 8.
Nxe4 Be7 9. Nxf6+ Bxf6 10. Bxf6 Qxf6 11. Nf3 O-O 12. O-O Rfd8 13. Rfd1 c6 14.
c4 h6 15. Qb3 Rab8 16. a4 Nf8 17. Qe3 Ng6 18. b4 a6 19. a5 Nh4 20. Nxh4 Qxh4
21. Qe5 Qe7 22. Rab1 Rbc8 23. g3 Rd7 24. f4 Rcd8 25. Kf2 f6 26. Qe4 e5 27. fxe5
fxe5 28. d5 cxd5 29. cxd5 Qf7+ 30. Ke3 Rc7 31. Rbc1 Rxc1 32. Rxc1 Rf8 33. Kd3
Qf2 34. Rc2 Qf1+ 35. Qe2 Qa1 36. Qe4 Qf1+ 37. Ke3 Qg1+ 38. Kd3 Qb1 39. Ke2 Qg1
40. Kd3 Rd8 41. Rd2 Qb1+ 42. Ke3 Qe1+ 43. Kd3 Qf1+ 44. Ke3 Rc8 45. Qd3 Qe1+ 46.
Qe2 Rc3+ 47. Ke4 Qb1+ 48. Kxe5 Qxb4 49. Kf5 Qf8+ 50. Kg4 Kh8 51. d6 Rc5 52. Kh3
Qf5+ 53. Kg2 Rd5 54. h4 Kh7 55. h5 Rxd2 56. Qxd2 Qd7 57. Qd5 Kh8 58. Kf2 Kh7
59. Ke3 Kh8 60. Kf4 Qa4+ 61. Kf5 Qd7+ 62. Qe6 Qb5+ 63. Kg6 Qg5+ 64. Kf7 Qxh5+
65. Kf8 1-0

[Event "BL 8687 Lasker-Bayern"]
[Site "?"]
[Date "1986.??.??"]
[Round "?.3"]
[White "Bischoff, K."]
[Black "Berg, K."]
[Result "0-1"]
[WhiteElo "2495"]
[BlackElo "2355"]
[PlyCount "60"]
[EventDate "1986.??.??"]

1. Nf3 Nf6 2. d4 g6 3. Bg5 Bg7 4. Nbd2 O-O 5. e4 d6 6. c3 Nc6 7. Be2 h6 8. Bh4
Nh5 9. O-O Nf4 10. Bc4 Bg4 11. h3 Bh5 12. Re1 g5 13. Bg3 e5 14. dxe5 Bxe5 15.
Qc2 Qf6 16. Nxe5 Nxe5 17. Bf1 Rfe8 18. f3 Bg6 19. Rad1 h5 20. c4 g4 21. h4 gxf3
22. gxf3 Kh8 23. Kh1 Rg8 24. Bf2 Rg7 25. Qc3 Rag8 26. c5 Bh7 27. Nc4 Rg3 28.
Bxg3 Rxg3 29. Rd2 Rxf3 30. Qc1 Qxh4+ 0-1

[Event "BL 8687 Lasker-Bayern"]
[Site "?"]
[Date "1986.??.??"]
[Round "?.4"]
[White "Muse, M."]
[Black "Hecht, H."]
[Result "1/2-1/2"]
[WhiteElo "2425"]
[BlackElo "2455"]
[PlyCount "70"]
[EventDate "1986.??.??"]

1. d4 Nf6 2. Nf3 e6 3. c4 b6 4. Nc3 Bb7 5. a3 g6 6. d5 Bg7 7. g3 O-O 8. Bg2 c6
9. dxe6 dxe6 10. Bf4 Qc8 11. O-O Nh5 12. Be5 Rd8 13. Qc2 Bxe5 14. Nxe5 Nd7 15.
Nxd7 Qxd7 16. c5 Nf6 17. Rfd1 Qe7 18. Rxd8+ Rxd8 19. Qa4 bxc5 20. Qxa7 Ra8 21.
Qb6 Nd5 22. Qb3 Ba6 23. Bf3 Qa7 24. e4 Nb6 25. Be2 Bxe2 26. Nxe2 c4 27. Qc2 Rd8
28. Rd1 Rxd1+ 29. Qxd1 Na4 30. Qd8+ Kg7 31. Nd4 Nxb2 32. e5 Nd3 33. Qf6+ Kg8
34. Qd8+ Kg7 35. Qf6+ Kg8 1/2-1/2